Normal view
MARC view
- العنابي، زهر
Entry Personal Name
001 - CONTROL NUMBER
- control field: 17055
003 - CONTROL NUMBER IDENTIFIER
- control field: JO-AjAnu
005 - DATE AND TIME OF LATEST TRANSACTION
- control field: 20230606073023.0
008 - FIXED-LENGTH DATA ELEMENTS
- fixed length control field: 230606|| aca||aabn | a|a d
040 ## - CATALOGING SOURCE
- Original cataloging agency: JO-AjAnu
- Transcribing agency: JO-AjAnu
100 ## - HEADING--PERSONAL NAME
- Personal name: العنابي، زهر
670 ## - SOURCE DATA FOUND
- Source citation: Work cat.: (JO-AjAnu)8756: العنابي، زهر, author, جلالة الملك حمد آل خليفة في بنية الأنموذج البحريني